| 000 | 01380nam0a22003011 4500 | ||
|---|---|---|---|
| 001 | rc\3170813 | ||
| 005 | 20120615112308.3 | ||
| 021 |
_aRU _b[77-63592] |
||
| 035 | _a(NLR Aleph) 007328728 | ||
| 090 |
_a5986843 _c5986843 |
||
| 100 | _a20120615g19761977|||y0rusy50 ca | ||
| 101 | 0 | _arus | |
| 102 | _aRU | ||
| 105 | _aa z ||||| | ||
| 200 | 1 |
_aПроект производства работ по загрузке и хранению сенажа _f[Принимали участие С.К. Берлович, В.А. Васильев, Л.А. Данилевич и др.] _gРесп. объединение "Белсельхозтехника" Совета Министров БССР, Проектно-технол. ин-т "Сельхозтехпроект", Мин. филиал |
|
| 210 |
_aМинск _cСельхозтехпроект _d1976 (вып. дан. 1977) |
||
| 215 |
_a58 с. _cил. _d20 |
||
| 320 | _aСписок лит.: с. 56 (11 назв.) | ||
| 606 |
_aСенаж _xПриготовление _xМеханизация _2psbo |
||
| 606 |
_aСенажные башни _xОборудование _2psbo |
||
| 702 | 1 |
_aВасильев _bВ. А. _4570 |
|
| 702 | 1 |
_aДанилевич _bЛ. А. _4570 |
|
| 702 | 1 |
_aБерлович _bС. К. _4570 |
|
| 801 | 0 |
_aRU _bNLR _gpsbo |
|
| 801 | 1 |
_aRU _bELAR _2rusmarc |
|
| 852 |
_aNLR _j77-4/23674 |
||
| 942 | _cBOOK | ||
| 980 | _aNB | ||